00257nam a2200109Ia 4500008004100000100002200041245003200063260001300095650001500108942000700123999001700130190216s9999||||xx |||||||||||||| ||und|| aGeorge E Ishkevik 0aVyakthiyum Sahithya Karanum bDc Books aOormakurip cBK c26041d26041